|
|
|
|
| LEADER |
00000cam a2200000 4500 |
| 001 |
vtls011784692 |
| 003 |
SK-MaSNL |
| 005 |
20260301050045.0 |
| 008 |
200205s2018 xo grn 000 0bslo |
| 015 |
|
|
|a SNBA2018/11
|
| 020 |
|
|
|a 9788081911484
|q (viazané)
|
| 035 |
|
|
|a urn:nbn:sk:snk-am00d6a9
|
| 035 |
|
|
|a urn:nbn:sk:snk-am3hr44
|
| 035 |
|
|
|a EEB7C011-C076-41CD-9E4D-263C36AA9ECF
|
| 040 |
|
|
|a SNK
|b slo
|c SNK
|e rda
|
| 041 |
1 |
|
|a slo
|h ita
|
| 044 |
|
|
|a xo
|c SK
|
| 072 |
|
7 |
|a 27
|x Kresťanstvo. Kresťanská cirkev všeobecne. Ekleziológia
|2 konspekt
|
| 072 |
|
7 |
|a 929
|x Biografie
|2 konspekt
|
| 080 |
|
|
|a 27-36
|2 2011
|
| 080 |
|
|
|a (0:82-94)
|2 2011
|
| 080 |
|
|
|a 27-584
|2 2011
|
| 080 |
|
|
|a 27-789.325
|2 2011
|
| 080 |
|
|
|a (092)
|2 2011
|
| 100 |
1 |
|
|a Campanella, Stefano
|4 aut
|9 355053
|
| 240 |
1 |
2 |
|a I tre misteri della morte di Padre Pio
|l Slovensky
|
| 245 |
1 |
0 |
|a Tri tajomstvá smrti Pátra Pia
|c Stefano Campanella ; preložila Eva Mátéffyová
|
| 250 |
|
|
|a Prvé vydanie
|
| 264 |
|
1 |
|a Trnava
|b Dobrá kniha
|c 2018
|
| 300 |
|
|
|a 160 strán
|c 21 cm
|
| 336 |
|
|
|a text
|b txt
|2 rdacontent
|
| 337 |
|
|
|a bez média
|b n
|2 rdamedia
|
| 338 |
|
|
|a zväzok
|b nc
|2 rdacarrier
|
| 500 |
|
|
|a Preložené z taliančiny
|
| 504 |
|
|
|a Obsahuje bibliografické odkazy a poznámky
|
| 600 |
0 |
7 |
|a Pio,
|c z Pietrelcina, svätý,
|d 1887-1968
|2 SNKMA
|9 95541
|
| 650 |
0 |
7 |
|a kresťanskí svätci
|2 SNKPH
|9 1605
|
| 650 |
0 |
7 |
|a Christian saints
|2 SNKPHeng
|9 282519
|
| 650 |
0 |
7 |
|a duchovný život
|2 SNKPH
|9 1807
|
| 650 |
0 |
7 |
|a Spiritual life
|2 SNKPHeng
|9 265583
|
| 650 |
0 |
7 |
|a kapucíni
|2 SNKPH
|9 49892
|
| 650 |
0 |
7 |
|a Capuchins
|2 SNKPHeng
|9 275937
|
| 655 |
|
7 |
|a spomienky
|2 SNKPH
|9 29509
|
| 655 |
|
7 |
|a Reminiscences
|2 SNKPHeng
|9 93477
|
| 655 |
|
7 |
|a biografie
|2 SNKPH
|9 27965
|
| 655 |
|
7 |
|a Biography
|2 SNKPHeng
|9 266314
|
| 700 |
|
|
|a Mátéffyová, Eva
|4 trl
|9 355054
|
| 852 |
|
|
|a Štátna vedecká knižnica v Banskej Bystrici
|
| 919 |
|
|
|a 978-80-8191-148-4
|
| 958 |
|
|
|a NT
|
| 958 |
|
|
|a BC
|
| 958 |
|
|
|a OP
|
| 968 |
|
|
|b IT
|
| 999 |
|
|
|c 600041
|d 601971
|
| 952 |
|
|
|a SNK
|b SNK
|y PREZ
|7 0
|p 17A1339292
|o snkSC 181601
|i snk2018/24313
|8 0
|0 0
|1 0
|4 0
|d 2018-11-16
|f 1
|l 0
|r 2026-02-23 15:51:37
|w 2026-02-23
|
| 952 |
|
|
|a SNK
|b SNK
|y VYP
|7 0
|p 17A1339293
|o snkSC 181601 D1
|i snk2018/24314
|8 0
|0 0
|1 0
|4 0
|d 2018-11-16
|l 0
|r 2026-02-23 15:51:37
|w 2026-02-23
|